Skład Reprezentacji Polski na MŚ 2006 - Statystyki

Ogólne statystyki
  • Ten quiz został rozwiązany 232 razy
  • Średni wynik to 12 z 23
Statystyki odpowiedzi
Pozycja/Position Zawodnik/Player % Poprawnych
Bramkarz/Goalkeeper Artur Boruc
94%
Pomocnik/Midfielder Euzebiusz Smolarek
77%
Pomocnik/Midfielder Jacek Krzynówek
77%
Napastnik/Striker Maciej Żurawski
77%
Bramkarz/Goalkeeper Łukasz Fabiański
74%
Obrońca/Defender Jacek Bąk
70%
Obrońca/Defender Michał Żewłakow
66%
Bramkarz/Goalkeeper Tomasz Kuszczak
62%
Obrońca/Defender Mariusz Lewandowski
56%
Napastnik/Striker Ireneusz Jeleń
52%
Napastnik/Striker Paweł Brożek
50%
Obrońca/Defender Bartosz Bosacki
49%
Obrońca/Defender Mariusz Jop
48%
Obrońca/Defender Dariusz Dudka
44%
Pomocnik/Midfielder Kamil Kosowski
40%
Obrońca/Defender Marcin Baszczyński
40%
Napastnik/Striker Grzegorz Rasiak
38%
Pomocnik/Midfielder Mirosław Szymkowiak
37%
Pomocnik/Midfielder Radosław Sobolewski
32%
Pomocnik/Midfielder Sebastian Mila
32%
Pomocnik/Midfielder Arkadiusz Radomski
18%
Pomocnik/Midfielder Piotr Giza
14%
Obrońca/Defender Seweryn Gancarczyk
10%
Nie znaleziono quizów pasujących do podanych kryteriów
Rozkład punktacji
Procent ludzi z każdym wynikiem
Percentyl według liczby udzielonych odpowiedzi
Twoja historia wyników
Nie rozwiązałeś tego quizu